| 000 | 00730nam a22002297a 4500 | ||
|---|---|---|---|
| 005 | 20170124110201.0 | ||
| 010 | _a919710 | ||
| 020 | _c55.00 | ||
| 035 | _a919710 | ||
| 037 | _bCen Lib/Ret | ||
| 040 |
_aDPL _bEN |
||
| 082 |
_a181.43 _bSAC |
||
| 100 |
_aSachdeva, I. P. _936159 |
||
| 245 |
_aYoga and depth psychology : _cby I. P. Sachdeva _bwith special reference to the integration of personality / |
||
| 260 |
_aDelhi _bMotilal Bonarsidass _c1978 |
||
| 270 |
_aBunglow Road, Jawahar Nagar _bNew Delhi _e110007 |
||
| 300 |
_axvii, 271p. _c20cm(Hb) |
||
| 500 | _aIncludes bibliographical references and index | ||
| 650 |
_aYoga _975216 |
||
| 650 |
_aPsychology _975217 |
||
| 942 |
_2ddc _cEN _h181.43 _mSAC |
||
| 999 |
_c132923 _d132923 |
||